000
00265nam a2200109Ia 4500
008
190216s9999||||xx |||||||||||||| ||und||
100
_a
Chandran Pilla V
245
0
_a
Indian Sampathika Preshnangal
260
_b
Bhasha Institute
650
_a
Economics
942
_c
BK
999
_c
37524
_d
37524